[Event "2nd KGSRL master tournament"]
[Site "Ghent"]
[Date "1999.09.04"]
[Round "1"]
[White "De Wit, Michel"]
[Black "Hoogendoorn, Joost"]
[Result "1/2-1/2"]
[WhiteElo "2330"]
[BlackElo "2281"]
[EventDate "1999.09.04"]
[PlyCount "101"]
[Source "ChessBase"]
[WhiteTitle "FM"]
[BlackTitle "FM"]

1. e4 c6 2. d4 d5 3. Nc3 dxe4 4. Nxe4 Nd7 5. Nf3 Ngf6 6. Nxf6+ Nxf6 7. Bc4 Bf5
8. O-O e6 9. Qe2 Be7 10. Re1 O-O 11. c3 Rc8 12. Ne5 c5 13. Be3 Nd5 14. Rad1 Nxe3
15. fxe3 cxd4 16. exd4 Bd6 17. Bd3 Bxd3 18. Rxd3 Qa5 19. a3 Qb5 20. Qc2 h6
21. a4 Qd5 22. b3 Rfd8 23. c4 Qa5 24. Nf3 Be7 25. Red1 Bf6 26. Qd2 Qb6 27. Qf4
a5 28. Kf1 Rc6 29. Ke2 Qa7 30. Kd2 Qa6 31. h4 Qb6 32. g4 Rcd6 33. Kc2 R6d7
34. g5 hxg5 35. hxg5 e5 36. Qh4 e4 37. Qxe4 Be7 38. Rh1 Qg6 39. Qxg6 fxg6 40. d5
Bd6 41. Nd4 Rf8 42. Ne6 Rf2+ 43. Rd2 Rf5 44. Re1 Bb4 45. Ree2 Bxd2 46. Kxd2 Kf7
47. Nc5 Rc7 48. Ne4 Rd7 49. Nc5 Rc7 50. Ne4 Rd7 51. Nc5 1/2-1/2

[Event "2nd KGSRL master tournament"]
[Site "Ghent"]
[Date "1999.09.04"]
[Round "1"]
[White "Tabak, Stefan"]
[Black "Afek, Yochanan"]
[Result "0-1"]
[WhiteElo "2111"]
[BlackElo "2360"]
[EventDate "1999.09.04"]
[PlyCount "64"]
[Source "ChessBase"]
[BlackTitle "IM"]

1. e4 c5 2. Nc3 Nc6 3. g3 g6 4. Bg2 Bg7 5. d3 d6 6. f4 Rb8 7. Nf3 b5 8. O-O e6
9. f5 b4 10. Ne2 Nf6 11. Qe1 O-O 12. h3 exf5 13. exf5 Bxf5 14. g4 Bd7 15. Bg5 h6
16. Bf4 Nd5 17. Bxd6 Ne3 18. Qf2 Nxf1 19. Rxf1 Re8 20. Bxb8 Qxb8 21. Ng5 hxg5
22. Qxf7+ Kh7 23. Qxd7 Rxe2 24. Rf7 Qe5 25. Qxc6 Rxc2 26. Qe4 Qxb2 27. Rxa7 Re2
28. Qf3 Kh6 29. h4 Be5 30. Qf8+ Bg7 31. hxg5+ Kxg5 32. Qxc5+ Kh4 0-1

[Event "2nd KGSRL master tournament"]
[Site "Ghent"]
[Date "1999.09.04"]
[Round "1"]
[White "De Wit, Dick"]
[Black "Eliet, Nicolas"]
[Result "1/2-1/2"]
[WhiteElo "2242"]
[BlackElo "2398"]
[EventDate "1999.09.04"]
[PlyCount "24"]
[Source "ChessBase"]
[WhiteTitle "FM"]
[BlackTitle "IM"]

1. e4 d5 2. exd5 Qxd5 3. d4 Nc6 4. Nf3 Bg4 5. Be2 O-O-O 6. Be3 Nf6 7. O-O e6
8. h3 Bh5 9. Nbd2 h6 10. c4 Qf5 11. a3 g5 12. b4 Bxf3 1/2-1/2

[Event "2nd KGSRL master tournament"]
[Site "Ghent"]
[Date "1999.09.04"]
[Round "1"]
[White "Meulders, Richard"]
[Black "Abolianin, Arthur"]
[Result "1/2-1/2"]
[WhiteElo "2275"]
[BlackElo "2252"]
[EventDate "1999.09.04"]
[PlyCount "152"]
[Source "ChessBase"]
[WhiteTitle "FM"]

1. d4 g6 2. e4 Bg7 3. Nf3 d6 4. h3 Nf6 5. Nc3 O-O 6. Be2 Nbd7 7. O-O e5 8. dxe5
dxe5 9. Be3 Qe7 10. Qd3 c6 11. a4 Nh5 12. Rfd1 Nf4 13. Qd6 Nxe2+ 14. Nxe2 Bf6
15. Qc7 Qd8 16. Qxd8 Bxd8 17. Nd2 Bc7 18. Nc4 Nb6 19. Na5 Rb8 20. Bc5 Re8
21. Bd6 Bxd6 22. Rxd6 Be6 23. b3 Nd7 24. Rad1 Nc5 25. Nc3 Na6 26. Nb1 Nc5 27. f3
Rec8 28. Na3 Re8 29. N5c4 f6 30. a5 Na6 31. Nb2 Kf8 32. Na4 Ke7 33. R6d2 Red8
34. Kf2 Rxd2+ 35. Rxd2 b5 36. axb6 axb6 37. Nb2 b5 38. Nd1 Ra8 39. Ne3 Nb4
40. Nb1 Ra1 41. Nc3 Na6 42. g4 Nc5 43. Rd1 Ra3 44. Nb1 Ra7 45. h4 b4 46. Nd2 Ra2
47. Kg3 Bd7 48. Ndc4 Ne6 49. g5 fxg5 50. hxg5 Nxg5 51. Nxe5 Be8 52. Nd3 Ne6
53. Nxb4 Ra5 54. f4 g5 55. Nf5+ Kf6 56. fxg5+ Nxg5 57. Kf4 Nxe4 58. Nd6 Nxd6
59. Rxd6+ Kg7 60. Nxc6 Ra6 61. Nd4 Rxd6 62. Nf5+ Kf6 63. Nxd6 Bg6 64. c4 Ke6
65. Ne4 h5 66. b4 h4 67. Ng5+ Kd6 68. Nf3 Bf7 69. c5+ Kd5 70. Nxh4 Be8 71. Nf5
Kc4 72. Ke5 Kxb4 73. Kd6 Ka5 74. Ne7 Ka6 75. Nc6 Kb7 76. Ne5 Kc8 1/2-1/2

[Event "2nd KGSRL master tournament"]
[Site "Ghent"]
[Date "1999.09.04"]
[Round "1"]
[White "Bezsilko, Philippe"]
[Black "Schebler, Gerhard"]
[Result "1/2-1/2"]
[WhiteElo "2280"]
[BlackElo "2443"]
[EventDate "1999.09.04"]
[PlyCount "47"]
[Source "ChessBase"]
[BlackTitle "IM"]

1. e4 c5 2. b3 Nc6 3. Bb2 Nf6 4. e5 Nd5 5. Bc4 Nb6 6. Na3 Nxc4 7. Nxc4 b5
8. Ne3 g6 9. f4 Bg7 10. Nf3 d6 11. Qe2 Rb8 12. O-O O-O 13. a4 b4 14. Rae1 dxe5
15. fxe5 Nd4 16. Bxd4 cxd4 17. Nc4 Bf5 18. d3 Qd7 19. Qf2 Rbd8 20. h3 Be6
21. Re4 Bxc4 22. dxc4 Qf5 23. Qe2 Qc8 24. Kh1 1/2-1/2

[Event "2nd KGSRL master tournament"]
[Site "Ghent"]
[Date "1999.09.05"]
[Round "2"]
[White "Afek, Yochanan"]
[Black "De Wit, Dick"]
[Result "1/2-1/2"]
[WhiteElo "2360"]
[BlackElo "2242"]
[EventDate "1999.09.04"]
[PlyCount "32"]
[Source "ChessBase"]
[WhiteTitle "IM"]
[BlackTitle "FM"]

1. e4 c5 2. Nf3 d6 3. d4 cxd4 4. Nxd4 Nf6 5. Nc3 a6 6. Qf3 Qb6 7. Nf5 e6 8. Ne3
Qc7 9. g4 b5 10. g5 Nfd7 11. Qh3 b4 12. Ne2 Nc5 13. f3 Be7 14. Rg1 Qd8 15. g6
fxg6 16. a3 b3 1/2-1/2

[Event "2nd KGSRL master tournament"]
[Site "Ghent"]
[Date "1999.09.05"]
[Round "2"]
[White "Abolianin, Arthur"]
[Black "Goormachtigh, Johan"]
[Result "1/2-1/2"]
[WhiteElo "2280"]
[BlackElo "2274"]
[EventDate "1999.09.04"]
[PlyCount "82"]
[Source "ChessBase"]
[BlackTitle "FM"]

1. Nf3 c5 2. c4 Nf6 3. g3 d5 4. Bg2 g6 5. O-O Bg7 6. d3 O-O 7. Na3 Nc6 8. Rb1
e5 9. cxd5 Nxd5 10. Nc4 h6 11. a3 Be6 12. e4 Nb6 13. Nxb6 axb6 14. Qe2 Bb3
15. Be3 Qd7 16. Rfc1 Rfd8 17. Rc3 Be6 18. Nd2 Nd4 19. Bxd4 cxd4 20. Rc2 Rdc8
21. Rbc1 b5 22. f4 f6 23. Qf1 Rxc2 24. Rxc2 Rc8 25. Rxc8+ Qxc8 26. f5 Bf7
27. fxg6 Bxg6 28. Qd1 Bf7 29. Bf3 Be6 30. Bh5 Kh7 31. Nf3 Qc5 32. Nh4 b4
33. axb4 Qxb4 34. Bg4 Bxg4 35. Qxg4 Qxb2 36. Qg6+ Kg8 37. Qf5 Qc1+ 38. Kg2 Qd2+
39. Kh3 Qg5 40. Qe6+ Kh7 41. Qf7 h5 1/2-1/2

[Event "2nd KGSRL master tournament"]
[Site "Ghent"]
[Date "1999.09.05"]
[Round "2"]
[White "Van der Stricht, Geert"]
[Black "De Wit, Michel"]
[Result "1-0"]
[WhiteElo "2347"]
[BlackElo "2330"]
[EventDate "1999.09.04"]
[PlyCount "77"]
[Source "ChessBase"]
[WhiteTitle "FM"]
[BlackTitle "FM"]

1. d4 Nf6 2. c4 c5 3. d5 b5 4. cxb5 a6 5. bxa6 Bxa6 6. Nc3 d6 7. Nf3 g6 8. g3
Bg7 9. Bg2 O-O 10. O-O Nbd7 11. Qc2 Ra7 12. Rd1 Qa8 13. Rb1 Rb8 14. b3 Ng4
15. Bb2 Rc7 16. Na4 Nge5 17. Nxe5 Nxe5 18. f4 Ng4 19. Bxg7 Kxg7 20. Bf3 h5
21. h3 Nh6 22. e4 Qa7 23. Qf2 Bc8 24. Kg2 Bd7 25. Nc3 Qa5 26. Rbc1 c4 27. Qd4+
Kh7 28. bxc4 Rb2+ 29. Be2 Qb4 30. Rd2 e5 31. fxe5 dxe5 32. Qe3 f5 33. Rxb2 Qxb2
34. Rb1 Qa3 35. Qb6 Rxc4 36. Rb3 Qc5 37. Bxc4 Qxc4 38. Qd6 Qc8 39. Rb8 1-0

[Event "2nd KGSRL master tournament"]
[Site "Ghent"]
[Date "1999.09.05"]
[Round "2"]
[White "Hoogendoorn, Joost"]
[Black "Meulders, Richard"]
[Result "1/2-1/2"]
[WhiteElo "2281"]
[BlackElo "2275"]
[EventDate "1999.09.04"]
[PlyCount "122"]
[Source "ChessBase"]
[WhiteTitle "FM"]
[BlackTitle "FM"]

1. e4 c5 2. a3 Nc6 3. b4 cxb4 4. axb4 Nxb4 5. c3 Nc6 6. d4 d5 7. exd5 Qxd5
8. Nf3 e6 9. Bd3 Nf6 10. O-O Be7 11. Na3 O-O 12. Bf4 Bd7 13. Nc4 Qh5 14. Be2 Qf5
15. Bg3 Nd5 16. Qd2 Rfd8 17. Ne3 Qg6 18. Rab1 b6 19. c4 Nxe3 20. fxe3 Bf6
21. Bd3 Qh5 22. Rb5 Qg4 23. Bf2 Nxd4 24. exd4 Bxb5 25. cxb5 Rac8 26. Qe3 Rd5
27. h3 Qh5 28. Rc1 Rcd8 29. Rc7 R5d7 30. Rxd7 Rxd7 31. Qe4 g6 32. Qc6 Qd5
33. Be4 Qd6 34. Ne5 Bxe5 35. dxe5 Qd1+ 36. Kh2 h6 37. Bh4 g5 38. Bg3 Kg7 39. Bc2
Qd4 40. Qf3 Rc7 41. Be4 Rc1 42. h4 Rc4 43. Qf6+ Kg8 44. Bg6 fxg6 45. Qxg6+ Kf8
46. Qxh6+ Ke7 47. Qxg5+ Kd7 48. Qg7+ Kc8 49. Qg8+ Kb7 50. Qxe6 a5 51. Qf7+ Rc7
52. Qf3+ Ka7 53. e6 Rh7 54. Kh3 Qc4 55. Qf6 $2 (55. Qc6 $14) 55... Qxb5 56. Qf8
Qd3 $15 57. Kh2 Qe4 58. Qc8 Qb7 59. Qd8 Qe4 60. Qd6 Ka6 61. Bf2 Rxh4+ 1/2-1/2

[Event "2nd KGSRL master tournament"]
[Site "Ghent"]
[Date "1999.09.06"]
[Round "3"]
[White "De Wit, Michel"]
[Black "Abolianin, Arthur"]
[Result "1-0"]
[WhiteElo "2330"]
[BlackElo "2252"]
[EventDate "1999.09.04"]
[PlyCount "88"]
[Source "ChessBase"]
[WhiteTitle "FM"]

1. e4 c5 2. c3 d5 3. exd5 Qxd5 4. d4 Nf6 5. Nf3 Bg4 6. Be2 e6 7. O-O Nc6 8. h3
Bh5 9. Be3 cxd4 10. Nxd4 Bxe2 11. Qxe2 Be7 12. Nd2 O-O 13. Rfd1 Rfd8 14. N2f3 a6
15. Nb3 Qh5 16. c4 Nd7 17. Nbd4 Nce5 18. Nxe5 Qxe5 19. Rac1 h6 20. Qf3 Qb8
21. Bf4 e5 22. Nf5 Bf8 23. Qg4 Kh8 24. Be3 Nf6 25. Qh4 Ng8 26. Bb6 Rxd1+
27. Rxd1 Qe8 28. Qe4 g6 29. Ne3 Qe7 30. Nd5 Qg5 31. Nc7 Rb8 32. Qd5 Qe7 33. Re1
Nf6 34. Qa5 Nd7 35. Nd5 Qh4 36. Bc7 Bc5 37. Bxe5+ Nxe5 38. Qxc5 Nd3 39. Qe3 Nxe1
40. Qe5+ Kh7 41. Nf6+ Kg7 42. Nh5+ Kf8 43. Qxb8+ Ke7 44. Nf4 Qg5 1-0

[Event "2nd KGSRL master tournament"]
[Site "Ghent"]
[Date "1999.09.06"]
[Round "3"]
[White "Bezsilko, Philippe"]
[Black "Afek, Yochanan"]
[Result "1/2-1/2"]
[WhiteElo "2280"]
[BlackElo "2360"]
[EventDate "1999.09.04"]
[PlyCount "72"]
[Source "ChessBase"]
[BlackTitle "IM"]

1. e4 c5 2. b3 d6 3. Bb2 Nf6 4. d3 e5 5. Ne2 Nc6 6. Nd2 g6 7. g3 h5 8. h3 Bh6
9. a4 Be6 10. Bg2 Qd7 11. Nc4 O-O-O 12. f4 Bxc4 13. bxc4 h4 14. g4 Bg7 15. Bf3
g5 16. f5 Nd4 17. Nc3 Rhg8 18. Nd5 Nxd5 19. cxd5 Nxf3+ 20. Qxf3 b5 21. axb5 Qxb5
22. Bc3 Rd7 23. f6 Bh8 24. Qf5 Rg6 25. Rxa7 Rxf6 26. Qxd7+ Qxd7 27. Rxd7 Kxd7
28. Rf1 Rxf1+ 29. Kxf1 Bf6 30. Ba5 Kc8 31. Ke2 Bd8 32. Bxd8 Kxd8 33. Kd2 Kc7
34. Kc3 Kb6 35. Kb3 Kb5 36. c4+ Ka5 1/2-1/2

[Event "2nd KGSRL master tournament"]
[Site "Ghent"]
[Date "1999.09.06"]
[Round "3"]
[White "Goormachtigh, Johan"]
[Black "Hoogendoorn, Joost"]
[Result "1/2-1/2"]
[WhiteElo "2274"]
[BlackElo "2281"]
[EventDate "1999.09.04"]
[PlyCount "96"]
[Source "ChessBase"]
[WhiteTitle "FM"]
[BlackTitle "FM"]

1. d4 Nf6 2. c4 c5 3. d5 b5 4. cxb5 a6 5. bxa6 g6 6. Nc3 Bxa6 7. Nf3 d6 8. e4
Bxf1 9. Kxf1 Bg7 10. g3 O-O 11. Kg2 Nbd7 12. Re1 Ng4 13. Qe2 Qb6 14. Nd2 Ngf6
15. Nc4 Qb7 16. Bg5 Rfb8 17. Rac1 Ra6 18. Rc2 Nb6 19. Nxb6 Rxb6 20. Bxf6 Bxf6
21. Na4 Rb4 22. b3 Ra8 23. Rc4 Bd4 24. Rxb4 Qxb4 25. Rc1 Qb7 26. Qc4 f5 27. exf5
Rf8 28. Re1 Rxf5 29. f3 Kf7 30. g4 Rf6 31. Re4 Kf8 32. b4 Qa7 33. bxc5 dxc5
34. Re6 Rf4 35. Ra6 Qc7 36. Nc3 Qe5 37. Re6 Qg5 38. Ne2 Qh4 39. Ng3 h5 40. Rxg6
hxg4 41. Rxg4 Rxg4 42. fxg4 Qxg4 43. a4 Qg5 44. Qe2 Bf6 45. Qd3 Qf4 46. Qf5 Qxa4
47. Ne4 Qc2+ 48. Kg3 Qd3+ 1/2-1/2

[Event "2nd KGSRL master tournament"]
[Site "Ghent"]
[Date "1999.09.06"]
[Round "3"]
[White "Tabak, Stefan"]
[Black "Eliet, Nicolas"]
[Result "0-1"]
[WhiteElo "2111"]
[BlackElo "2398"]
[EventDate "1999.09.04"]
[PlyCount "116"]
[Source "ChessBase"]
[BlackTitle "IM"]

1. e4 c5 2. Nc3 Nc6 3. g3 g6 4. Bg2 Bg7 5. d3 d6 6. f4 e6 7. Nf3 Nge7 8. O-O
O-O 9. Be3 Nd4 10. Bf2 Nec6 11. Nxd4 Nxd4 12. e5 Rb8 13. Ne4 dxe5 14. fxe5 b6
15. c3 Nf5 16. Nf6+ Bxf6 17. exf6 Qxf6 18. g4 Nd6 19. Bxc5 Qe7 20. Bd4 f6
21. Qe2 g5 22. Rae1 e5 23. c4 Bb7 24. Bc3 Rbe8 25. Bb4 Bxg2 26. Qxg2 Qe6 27. b3
Rf7 28. d4 Rd7 29. d5 Qf7 30. Qf3 Kg7 31. Re2 Qg6 32. Ref2 Ne4 33. Re2 Nd6
34. a4 a5 35. Ba3 Rb8 36. Bb2 Rf7 37. Qe3 Rbb7 38. Ba3 Rfd7 39. Ref2 Qe4 40. Qg3
Ne8 41. Bb2 Rf7 42. Bc3 Qg6 43. Re1 Nd6 44. Qe3 Kg8 45. h3 h5 46. Qf3 hxg4
47. hxg4 Rbd7 48. Bb2 Ne8 49. Ba3 Nd6 50. Qe3 Nc8 51. c5 Rxd5 52. cxb6 Rd4
53. Qf3 Nxb6 54. Bc5 Rf4 55. Qd1 Nd7 56. Be3 Rb4 57. Rd2 Qh7 58. Rh2 Qe4 0-1

[Event "2nd KGSRL master tournament"]
[Site "Ghent"]
[Date "1999.09.06"]
[Round "3"]
[White "Meulders, Richard"]
[Black "Van der Stricht, Geert"]
[Result "1/2-1/2"]
[WhiteElo "2275"]
[BlackElo "2347"]
[EventDate "1999.09.04"]
[PlyCount "172"]
[Source "ChessBase"]
[WhiteTitle "FM"]
[BlackTitle "FM"]

1. Nf3 Nf6 2. b3 d5 3. Bb2 Bg4 4. e3 e6 5. h3 Bh5 6. Be2 Nbd7 7. O-O a5 8. c4
a4 9. bxa4 c6 10. cxd5 exd5 11. Nc3 Bd6 12. Nd4 Bxe2 13. Qxe2 O-O 14. Nf5 Bc5
15. d4 Bb4 16. Rab1 Re8 17. Ba1 Bxc3 18. Bxc3 Ne4 19. Rfc1 g6 20. Nh6+ Kg7
21. Ng4 Nb6 22. Be1 Rxa4 23. Ne5 Nd6 24. Rb4 Rxb4 25. Bxb4 Ndc4 26. Bc5 f6
27. Bxb6 Nxb6 28. Nd3 Nc4 29. a4 Qe7 30. Rb1 Ra8 31. Rb4 b6 32. Qc2 Ra6 33. Qb3
Ra7 34. Nf4 Ra5 35. Nd3 Ra6 36. Nf4 Qd6 37. g3 Qe7 38. h4 Nd2 39. Qc3 Nc4
40. Kh2 Qe4 41. Qd3 f5 42. Qxe4 fxe4 43. Ne2 Kf6 44. g4 Ke6 45. Nc3 Nd2 46. Rb2
Nf3+ 47. Kg3 h6 48. Rb1 Kd6 49. Rh1 Ra8 50. g5 hxg5 51. hxg5 Nxg5 52. Rh6 Rg8
53. Ne2 Ke6 54. Nf4+ Kf5 55. Rh1 Nf7 56. Rc1 g5 57. Ne2 Rc8 58. Nc3 Ra8 59. Rb1
Ra6 60. f3 Nd6 61. Rf1 Ke6 62. Kg4 Nc4 63. Kxg5 Ra8 64. fxe4 Rg8+ 65. Kh4 Nxe3
66. exd5+ Nxd5 67. Re1+ Kd6 68. Nxd5 Kxd5 69. Rb1 Kxd4 70. Rxb6 c5 71. a5 c4
72. a6 Rg1 73. a7 Ra1 74. Rb7 c3 75. Rc7 Kd3 76. Kg3 c2 77. Rd7+ Ke2 78. Rc7
Ra3+ 79. Kg2 Kd2 80. Rd7+ Kc3 81. Rc7+ Kb2 82. Rb7+ Ka1 83. Rc7 Ra2 84. Kf1 Kb1
85. Rb7+ Ka1 86. Rc7 Kb1 1/2-1/2

[Event "2nd KGSRL master tournament"]
[Site "Ghent"]
[Date "1999.09.07"]
[Round "4"]
[White "Schebler, Gerhard"]
[Black "Goormachtigh, Johan"]
[Result "1/2-1/2"]
[WhiteElo "2443"]
[BlackElo "2274"]
[EventDate "1999.09.04"]
[PlyCount "79"]
[Source "ChessBase"]
[WhiteTitle "IM"]
[BlackTitle "FM"]

1. Nf3 Nf6 2. g3 c5 3. c4 d5 4. Bg2 g6 5. b3 Bg7 6. Bb2 O-O 7. O-O Nc6 8. cxd5
Nxd5 9. Bxg7 Kxg7 10. Qc1 b6 11. Qb2+ f6 12. d4 cxd4 13. Nxd4 Nxd4 14. Qxd4 Be6
15. Rd1 Qc7 16. Qc4 Qe5 17. Qd4 Qxd4 18. Rxd4 Rad8 19. Bxd5 Rxd5 20. Rxd5 Bxd5
21. Nc3 Bc6 22. Rc1 Rd8 23. f4 Kf7 24. Kf2 Rd7 25. Ke3 Ke6 26. Nd1 Bb7 27. Nf2
Kf5 28. g4+ Ke6 29. Rc4 Rd5 30. Ra4 a5 31. Nd3 Kd6 32. h4 h6 33. Nf2 Rc5
34. Rd4+ Kc7 35. Rc4 Rxc4 36. bxc4 Kd6 37. Kd4 g5 38. hxg5 hxg5 39. f5 Bg2
40. c5+ 1/2-1/2

[Event "2nd KGSRL master tournament"]
[Site "Ghent"]
[Date "1999.09.07"]
[Round "4"]
[White "Hoogendoorn, Joost"]
[Black "Tabak, Stefan"]
[Result "1-0"]
[WhiteElo "2281"]
[BlackElo "2111"]
[EventDate "1999.09.04"]
[PlyCount "95"]
[Source "ChessBase"]
[WhiteTitle "FM"]
[BlackTitle ""]

1. e4 d6 2. g3 Nf6 3. Bg2 e5 4. Nc3 c5 5. d3 Nc6 6. h3 g6 7. Be3 Be6 8. Nge2 d5
9. exd5 Nxd5 10. Bd2 Qd7 11. Ne4 f5 12. Ng5 Bg8 13. a3 Bg7 14. Rb1 h6 15. Nf3
Be6 16. O-O O-O 17. b4 cxb4 18. axb4 Rac8 19. c4 Nde7 20. b5 Nb8 21. Bb4 Rfe8
22. Re1 Rcd8 23. Bf1 g5 24. Nc3 Ng6 25. Qc2 Qf7 26. Bg2 Bf6 27. Nd2 h5 28. Nd5
Bg7 29. Nf3 Bxd5 30. cxd5 Bf6 31. Nd2 h4 32. Nc4 hxg3 33. fxg3 Qd7 34. Qa2 a6
35. bxa6 Nxa6 36. Ba5 Rb8 37. Rb6 Kg7 38. Reb1 e4 39. Rxf6 Kxf6 40. Rb6+ Kg7
41. dxe4 Nc5 42. exf5 Qxf5 43. Nd6 Qd3 44. Nxe8+ Rxe8 45. Qf2 Ne4 46. Rxb7+ Kh6
47. Qf3 Qxd5 48. Qh5+ 1-0

[Event "2nd KGSRL master tournament"]
[Site "Ghent"]
[Date "1999.09.07"]
[Round "4"]
[White "Afek, Yochanan"]
[Black "De Wit, Michel"]
[Result "0-1"]
[WhiteElo "2360"]
[BlackElo "2330"]
[EventDate "1999.09.04"]
[PlyCount "122"]
[Source "ChessBase"]
[WhiteTitle "IM"]
[BlackTitle "FM"]

1. e4 e5 2. Nf3 Nc6 3. Nc3 Nf6 4. d4 exd4 5. Nxd4 Bb4 6. Nxc6 bxc6 7. Bd3 d5
8. exd5 cxd5 9. O-O O-O 10. Bg5 c6 11. Ne2 Qd6 12. c3 Bc5 13. Qc2 h6 14. Bf4 Qd7
15. Nd4 Bd6 16. Qd2 Qc7 17. Bxh6 Bxh2+ 18. Kh1 Ng4 19. Qg5 Nxh6 20. f4 c5
21. Ne2 Ng4 22. f5 Nf6 23. g3 Nh7 24. Qh4 Bxg3 25. Nxg3 f6 26. Rf2 Bb7 27. Rh2
Ng5 28. Be2 d4+ 29. Kg1 Kf7 30. Re1 Nf3+ 31. Bxf3 Bxf3 32. Nh5 Rh8 33. Qf4 Qxf4
34. Nxf4 Rxh2 35. Kxh2 Bg4 36. cxd4 cxd4 37. Rc1 Bxf5 38. Rc7+ Kf8 39. Rc5 g6
40. Rd5 Re8 41. Rxd4 Re4 42. Rxe4 Bxe4 43. Kg3 Ke7 44. Ne2 f5 45. Nc3 g5 46. b4
Kd6 47. a4 Ke5 48. Nb5 a6 49. Nc3 Kd4 50. Nd1 Bc2 51. b5 f4+ 52. Kf2 axb5
53. axb5 Be4 54. Ke2 Kc5 55. Nc3 Bb7 56. Kd3 Bf3 57. Nb1 g4 58. Nd2 Bd5 59. b6
g3 60. Nb3+ Kxb6 61. Nd4 g2 0-1

[Event "2nd KGSRL master tournament"]
[Site "Ghent"]
[Date "1999.09.07"]
[Round "4"]
[White "Eliet, Nicolas"]
[Black "Meulders, Richard"]
[Result "1/2-1/2"]
[WhiteElo "2398"]
[BlackElo "2275"]
[EventDate "1999.09.04"]
[PlyCount "81"]
[Source "ChessBase"]
[WhiteTitle "IM"]
[BlackTitle "FM"]
[Annotator "Meulders"]

1. d4 f5 2. Bg5 g6 3. Nd2 Nh6 4. e4 fxe4 5. Nxe4 d5 6. Nc5 Nf7 7. Bh4 b6 8. Nb3
Bg7 9. Nf3 O-O 10. Be2 a5 11. a4 Nc6 12. O-O Nd6 13. c3 Nf5 14. Bg5 h6 15. Bf4
g5 16. Bg3 Nxg3 17. hxg3 Qd6 18. Nbd2 Bf5 19. Re1 e5 20. dxe5 Nxe5 21. Nxe5 Bxe5
22. Bg4 Bg7 23. Qf3 Qd7 24. Bxf5 Rxf5 25. Re7 Qxe7 26. Qxf5 Rd8 27. Nf3 Qe4
28. Qh3 Rf8 29. Re1 Qc2 30. Qe6+ Kh8 31. Re2 Qd1+ 32. Re1 Qc2 33. Re2 Qd1+
34. Kh2 Rf6 35. Qe8+ Rf8 36. Qe7 Rf7 37. Qd8+ Kh7 38. Rd2 Qxa4 39. Qxd5 Qe8
40. Qd3+ Kh8 41. Re2 1/2-1/2

[Event "2nd KGSRL master tournament"]
[Site "Ghent"]
[Date "1999.09.07"]
[Round "4"]
[White "Van der Stricht, Geert"]
[Black "Bezsilko, Philippe"]
[Result "1-0"]
[WhiteElo "2347"]
[BlackElo "2280"]
[EventDate "1999.09.04"]
[PlyCount "77"]
[Source "ChessBase"]
[WhiteTitle "FM"]

1. d4 Nf6 2. c4 d6 3. Nc3 Bf5 4. Nf3 g6 5. Nh4 Qc8 6. Nxf5 Qxf5 7. Qb3 Qc8
8. Bg5 Bg7 9. e3 Nbd7 10. Be2 O-O 11. O-O e5 12. dxe5 dxe5 13. Nd5 Re8 14. Rad1
c6 15. Nxf6+ Nxf6 16. Bh4 Rb8 17. c5 b6 18. cxb6 axb6 19. Rc1 c5 20. f4 e4
21. h3 h6 22. a4 Qc7 23. Rfd1 Nh7 24. Bb5 Rf8 25. Rd7 Qc8 26. Rcd1 g5 27. fxg5
hxg5 28. Bg3 Nf6 29. Rc7 Qf5 30. Rf1 Qg6 31. Bc4 g4 32. hxg4 Qxg4 33. Rxf7 Qxg3
34. R7xf6+ Kh8 35. R6f5 Rxf5 36. Rxf5 Rf8 37. Rh5+ Bh6 38. Rxh6+ Kg7 39. Rh3 1-0

[Event "2nd KGSRL master tournament"]
[Site "Ghent"]
[Date "1999.09.08"]
[Round "5"]
[White "Meulders, Richard"]
[Black "Afek, Yochanan"]
[Result "0-1"]
[WhiteElo "2275"]
[BlackElo "2360"]
[EventDate "1999.09.04"]
[PlyCount "70"]
[Source "ChessBase"]
[WhiteTitle "FM"]
[BlackTitle "IM"]

1. d4 Nf6 2. c4 g6 3. Nc3 Bg7 4. e4 O-O 5. f3 c5 6. d5 d6 7. Be3 e6 8. Qd2 exd5
9. cxd5 Re8 10. Nge2 Na6 11. Nd1 b5 12. a4 bxa4 13. Nec3 Nb4 14. Rxa4 Nd7
15. Be2 f5 16. Nf2 Ne5 17. O-O Bd7 18. Ra3 Qb6 19. Na4 Qb7 20. Rd1 Bb5 21. Bxb5
Qxb5 22. b3 Rab8 23. Nc3 Qd7 24. Rda1 a6 25. Rd1 c4 26. Bd4 $2 (26. Rb1)
26... Nxf3+ $1 27. gxf3 Bxd4 28. bxc4 Rbc8 29. Na4 Rxc4 30. Nb2 Bxf2+ 31. Qxf2
Rc2 32. Qd4 fxe4 33. Qxb4 Qh3 34. Rd2 Rxd2 35. Qxd2 exf3 0-1

[Event "2nd KGSRL master tournament"]
[Site "Ghent"]
[Date "1999.08.08"]
[Round "5"]
[White "Bezsilko, Philippe"]
[Black "Abolianin, Arthur"]
[Result "0-1"]
[WhiteElo "2280"]
[BlackElo "2252"]
[EventDate "1999.09.04"]
[PlyCount "62"]
[Source "ChessBase"]

1. e4 c5 2. b3 d6 3. Bb2 Nf6 4. d3 g6 5. g3 Bg7 6. Nd2 Nc6 7. Bg2 Rb8 8. Ne2 b5
9. O-O O-O 10. d4 Nd7 11. c3 b4 12. d5 bxc3 13. Bxc3 Nd4 14. Rc1 Nxe2+ 15. Qxe2
Bxc3 16. Rxc3 Qa5 17. Rc2 Ne5 18. f4 Ba6 19. Nc4 Nxc4 20. bxc4 Rb4 21. e5 Qa4
22. Rfc1 Rfb8 23. e6 f5 24. Bf1 Qe8 25. g4 Qf8 26. Qg2 Qf6 27. gxf5 Qxf5 28. Qg3
Rf8 29. Rf2 Rb1 30. Rc3 Qe4 31. Re3 Qxc4 0-1

[Event "2nd KGSRL master tournament"]
[Site "Ghent"]
[Date "1999.09.08"]
[Round "5"]
[White "Goormachtigh, Johan"]
[Black "Eliet, Nicolas"]
[Result "1-0"]
[WhiteElo "2274"]
[BlackElo "2398"]
[EventDate "1999.09.04"]
[PlyCount "47"]
[Source "ChessBase"]
[WhiteTitle "FM"]
[BlackTitle "IM"]

1. d4 e6 2. c4 b6 3. Nf3 Bb7 4. a3 c5 5. d5 exd5 6. cxd5 Nf6 7. Nc3 d6 8. e4
Nbd7 9. Be2 Be7 10. O-O O-O 11. Nd2 Re8 12. a4 Bf8 13. b3 g6 14. Bb2 a6 15. Qc2
Qc7 16. Rae1 Bg7 17. f4 Rab8 18. Bc4 Bc8 19. Nf3 Nh5 20. e5 dxe5 21. fxe5 Nxe5
22. Nxe5 Rxe5 23. d6 Qxd6 24. Rd1 1-0

[Event "2nd KGSRL master tournament"]
[Site "Ghent"]
[Date "1999.09.08"]
[Round "5"]
[White "De Wit, Dick"]
[Black "Hoogendoorn, Joost"]
[Result "1-0"]
[WhiteElo "2242"]
[BlackElo "2281"]
[EventDate "1999.09.04"]
[PlyCount "147"]
[Source "ChessBase"]
[WhiteTitle "FM"]
[BlackTitle "FM"]

1. Nf3 Nf6 2. g3 b6 3. Bg2 Bb7 4. O-O c5 5. c4 d6 6. Nc3 e6 7. d3 Be7 8. Rb1
O-O 9. a3 Nbd7 10. e4 a6 11. Qe2 Qc7 12. Re1 Rad8 13. h3 Rfe8 14. g4 Ne5 15. Bf4
Nfd7 16. Bg3 Bf6 17. Qd2 h6 18. Kh2 Nxf3+ 19. Bxf3 Be5 20. Rg1 g5 21. Kg2 Kg7
22. h4 f6 23. Rh1 Rh8 24. Rh3 Bxg3 25. Rxg3 Ne5 26. h5 Bc6 27. Kg1 Kh7 28. d4
cxd4 29. Qxd4 f5 30. gxf5 exf5 31. exf5 Nxf3+ 32. Rxf3 Bxf3 33. Qd3 Bxh5 34. Nd5
Qf7 35. Re1 Rde8 36. Re6 Rhf8 37. Ne7 Bg4 38. f6+ Kh8 39. Ng6+ Kg8 40. Ne7+ Kh8
41. Ng6+ Kg8 42. Ne7+ Rxe7 43. Rxe7 Be2 44. Qe4 Bxc4 45. Rxf7 Rxf7 46. Qc6 a5
47. a4 Be6 48. Qxd6 Rxf6 49. Qxb6 Kf7 50. Qxa5 Rf4 51. Qc7+ Kg6 52. Qc6 Kf5
53. a5 Rg4+ 54. Kf1 Bc4+ 55. Ke1 Re4+ 56. Kd2 Rf4 57. Ke3 Ke5 58. Qxh6 Re4+
59. Kd2 g4 60. Kc3 Bd5 61. Qb6 Rc4+ 62. Kd3 Rf4 63. b4 Rf3+ 64. Kd2 Ra3 65. b5
Ra2+ 66. Kc3 Ra3+ 67. Kb4 Rb3+ 68. Ka4 Rb1 69. Qc5 Ra1+ 70. Kb4 Rb1+ 71. Ka3
Ra1+ 72. Kb2 Ra2+ 73. Kb1 g3 74. fxg3 1-0